Cardiovascular toxicology (Record no. 12138)
[ view plain ]
| 000 -LEADER | |
|---|---|
| fixed length control field | 03017cam a2200337Ia 4500 |
| 001 - CONTROL NUMBER | |
| control field | CRC00E44737PDF |
| 003 - CONTROL NUMBER IDENTIFIER | |
| control field | BD-DhSAU |
| 005 - DATE AND TIME OF LATEST TRANSACTION | |
| control field | 20151012144310.0 |
| 006 - FIXED-LENGTH DATA ELEMENTS--ADDITIONAL MATERIAL CHARACTERISTICS | |
| fixed length control field | m|||||o||d|||||||| |
| 007 - PHYSICAL DESCRIPTION FIXED FIELD--GENERAL INFORMATION | |
| fixed length control field | cr|||| |
| 008 - FIXED-LENGTH DATA ELEMENTS--GENERAL INFORMATION | |
| fixed length control field | 130619s2008 nyuad sb 001 0 eng d |
| 020 ## - INTERNATIONAL STANDARD BOOK NUMBER | |
| International Standard Book Number | 9781420044744 (ebook : PDF) |
| 040 ## - CATALOGING SOURCE | |
| Original cataloging agency | BD-DhSAU |
| Transcribing agency | BD-DhSAU |
| 090 ## - LOCALLY ASSIGNED LC-TYPE CALL NUMBER (OCLC); LOCAL CALL NUMBER (OCLC) | |
| Classification number (OCLC) (R) ; Classification number, CALL (RLIN) (NR) | RC677 |
| Local cutter number (OCLC) ; Book number/undivided call number, CALL (RLIN) | .C37 2008 |
| 092 ## - LOCALLY ASSIGNED DEWEY CALL NUMBER (OCLC) | |
| Classification number | 616.107 |
| Item number | C267 |
| 245 00 - TITLE STATEMENT | |
| Title | Cardiovascular toxicology |
| Medium | [electronic resource] / |
| Statement of responsibility, etc. | edited by Daniel Acosta, Jr. |
| 250 ## - EDITION STATEMENT | |
| Edition statement | 4th ed. |
| 260 ## - PUBLICATION, DISTRIBUTION, ETC. (IMPRINT) | |
| Place of publication, distribution, etc. | New York : |
| Name of publisher, distributor, etc. | Informa Healthcare, |
| Date of publication, distribution, etc. | c2008. |
| 300 ## - PHYSICAL DESCRIPTION | |
| Extent | ix, 712 p. : |
| Other physical details | ill. |
| 490 1# - SERIES STATEMENT | |
| Series statement | Target organ toxicology series ; |
| Volume/sequential designation | v. 25 |
| 504 ## - BIBLIOGRAPHY, ETC. NOTE | |
| Bibliography, etc | Includes bibliographical references and index. |
| 505 0# - FORMATTED CONTENTS NOTE | |
| Formatted contents note | 1. Advances in cardiovascular toxicology / Y. James Kang -- 2. Pathobiology of myocardial ischemic injury : implications for pharmacology and toxicology / L. Maximilian Buja -- 3. Nonclinical safety assessment of the cardiovascular toxicity of drugs and combination medical devices / Shayne C. Gad -- 4. Novel approaches in the evaluation of cardiovascular toxicity / Enrique Chacon ... [et al.] -- 5. Nonhuman primate models for cardiovascular research / You-Tang Shen, Franco Rossi, and Stephen F. Vatner -- 6. Cardiovascular toxicity of antimicrobials / Daniel P. Healy -- 7. Cardiotoxicity of anthracyclines and other antineoplastic agents / Jane Pruemer -- 8. Pathogenesis of catecholamine-induced cardiomyopathy / Naranjan S. Dhalla, Melissa R. Dent, and Amarjit S. Arneja -- 9. Adverse cardiovascular effects of centrally acting psychiatric medications / William F. Pettit, Don Mishra, and Mitchell S. Finkel -- 10. Adverse effects of drugs on electrophysiological properties of the heart / Cynthia A. Carnes, Gary Gintant, and Robert Hamlin -- 11. Cardiovascular effects of steroidal agents / Russell B. Melchert, Scott M. Belcher, and Richard H. Kennedy -- 12. Cardiotoxicity of industrial chemicals and environmental pollution / Nachman Brautbar, John A. Williams II, and Michael P. Wu -- 13. Passive smoking causes heart disease / Stanton A. Glantz -- 14. Vascular toxicology : a cellular and molecular perspective / Kenneth S. Ramos and E. Spencer Williams -- 15. Pathobiology of the vascular response to percutaneous coronary intervention and drug-eluting stents / Brigitta C. Brott, Zadok Rubin, and Peter G. Anderson -- 16. The arterial media as a target of structural and functional injury by chemicals / Paul J. Boor and Daniel J. Conklin. |
| 530 ## - ADDITIONAL PHYSICAL FORM AVAILABLE NOTE | |
| Additional physical form available note | Also available in print edition. |
| 538 ## - SYSTEM DETAILS NOTE | |
| System details note | Mode of access: World Wide Web. |
| 650 #0 - SUBJECT ADDED ENTRY--TOPICAL TERM | |
| Topical term or geographic name as entry element | Cardiovascular toxicology. |
| 655 #7 - INDEX TERM--GENRE/FORM | |
| Genre/form data or focus term | Electronic books. |
| Source of term | lcsh |
| 700 1# - ADDED ENTRY--PERSONAL NAME | |
| Personal name | Acosta, Daniel, |
| Dates associated with a name | 1945- |
| 776 1# - ADDITIONAL PHYSICAL FORM ENTRY | |
| International Standard Book Number | 9781420044737 (hardcover : alk. paper) |
| -- | 1420044737 (hardcover : alk. paper) |
| 830 #0 - SERIES ADDED ENTRY--UNIFORM TITLE | |
| Uniform title | Target organ toxicology series ; |
| Volume number/sequential designation | v. 25. |
| 856 40 - ELECTRONIC LOCATION AND ACCESS | |
| Uniform Resource Identifier | <a href="http://marc.crcnetbase.com/isbn/9781420044744">http://marc.crcnetbase.com/isbn/9781420044744</a> |
| Electronic format type | application/PDF |
No items available.
